EXTREME AMERICAN MAKEOVER (Record no. 15536)

MARC details
000 -LEADER
fixed length control field 00332nam a2200133Ia 4500
008 - FIXED-LENGTH DATA ELEMENTS--GENERAL INFORMATION
fixed length control field 240624s9999 xx 000 0 und d
041 ## - LANGUAGE CODE
Language code of text/sound track or separate title eng
082 ## - DEWEY DECIMAL CLASSIFICATION NUMBER
Classification number 823 PER
100 ## - MAIN ENTRY--PERSONAL NAME
Personal name PERKINS MITALI
245 ## - TITLE STATEMENT
Title EXTREME AMERICAN MAKEOVER
260 ## - PUBLICATION, DISTRIBUTION, ETC.
Date of publication, distribution, etc. 2010
Place of publication, distribution, etc. New Delhi
Name of publisher, distributor, etc. Harper Collins Publishers
300 ## - PHYSICAL DESCRIPTION
Extent 272 : p.
365 ## - TRADE PRICE
Currency code RS
Price amount 27
Holdings
Withdrawn status Lost status Damaged status Not for loan Home library Current library Shelving location Date acquired Source of acquisition Cost, normal purchase price Total Checkouts Total Renewals Full call number Barcode Date last seen Date last checked out Copy number Price effective from Koha item type
        IMTN IMTN Rack 38-B 09/03/2010 BWE 199.00 5 2 823 PER 15536 10/15/2025 10/07/2025 1 06/24/2024 Books
Designed & Maintained by: LRC IMT Nagpur Contact: lrc@imtnag.ac.in© 2024. All Rights Reserved.